USA Centric - Common Place Names #2 - No Townships - Statistics

General Stats
  • This quiz has been taken 103 times
  • The average score is 31 of 132
Answer Stats
Name Total State Region Local % Correct
1 Washington 61 1 31 29
86%
3 Lincoln 51 0 24 27
76%
5 Jefferson 45 0 26 19
74%
4 Jackson 47 0 24 23
72%
17 Springfield 23 0 0 23
72%
23 Adams 23 0 12 11
68%
7 Madison 40 0 20 20
67%
2 Franklin 58 0 25 33
64%
91 York 15 0 5 10
61%
59 Johnson 18 0 12 6
58%
8 Monroe 37 0 17 20
58%
48 Columbus 18 0 1 17
51%
13 Grant 27 0 15 12
47%
38 Salem 19 0 1 18
47%
95 Lake 15 0 12 3
44%
72 Lee 17 0 12 5
44%
21 Columbia 23 0 8 15
43%
14 Hamilton 24 0 10 14
42%
53 Taylor 18 0 7 11
42%
66 Wilson 17 0 4 13
42%
10 Clinton 33 0 9 24
40%
12 Montgomery 28 0 18 10
40%
20 Harrison 23 0 8 15
39%
96 Clark 15 0 12 3
38%
30 Cleveland 21 0 3 18
36%
61 Manchester 17 0 0 17
36%
19 Richmond 23 0 4 19
35%
126 Dallas 13 0 5 8
34%
97 Polk 15 0 12 3
34%
25 Chester 22 0 3 19
32%
127 Houston 13 0 5 8
31%
82 Lancaster 16 0 4 12
31%
49 Greenville 18 0 1 17
30%
40 Newton 19 0 6 13
28%
39 Burlington 19 0 1 18
27%
54 Orange 18 0 8 10
27%
77 Aurora 16 0 1 15
26%
62 Oxford 17 0 1 16
26%
64 Arlington 17 0 1 16
25%
128 Garfield 13 0 6 7
25%
50 Newport 18 0 1 17
25%
47 Oakland 18 0 1 17
25%
6 Union 40 0 18 22
25%
80 Albany 16 0 2 14
24%
89 Bristol 15 0 2 13
24%
28 Clay 22 0 18 4
24%
29 Fairfield 21 0 3 18
24%
51 Georgetown 18 0 1 17
24%
32 Hancock 21 0 10 11
24%
52 Lafayette 18 0 6 12
24%
65 Lexington 17 0 2 15
24%
11 Warren 28 0 14 14
24%
16 Wayne 24 0 16 8
24%
27 Douglas 22 0 12 10
23%
43 Dover 18 0 0 18
23%
70 Lawrence 17 0 11 6
23%
9 Marion 37 0 17 20
23%
35 Plymouth 20 0 2 18
23%
132 Henry 13 0 10 3
22%
74 Greene 17 0 14 3
20%
76 Auburn 16 0 0 16
19%
42 Fayette 19 0 11 8
19%
102 Hartford 14 0 1 13
19%
18 Liberty 23 0 4 19
19%
99 Berlin 14 0 0 14
18%
90 Buffalo 15 0 3 12
18%
67 Henderson 17 0 5 12
18%
101 Kingston 14 0 0 14
18%
71 Morgan 17 0 11 6
18%
108 Knox 14 0 9 5
17%
107 Mason 14 0 6 8
17%
44 Milton 18 0 0 18
17%
124 Anderson 13 0 5 8
16%
45 Dayton 18 0 0 18
16%
26 Perry 22 0 10 12
16%
37 Scott 20 0 11 9
16%
60 Troy 17 0 0 17
16%
22 Benton 23 0 9 14
15%
81 Fremont 16 0 4 12
15%
86 Hudson 15 0 1 14
15%
46 Trenton 18 0 0 18
15%
24 Ashland 22 0 2 20
14%
73 Carroll 17 0 13 4
14%
109 Greenfield 13 0 0 13
14%
118 Hampton 13 0 1 12
14%
15 Marshall 24 0 12 12
14%
75 Milford 16 0 0 16
14%
129 Howard 13 0 7 6
13%
63 Lebanon 17 0 1 16
13%
55 Webster 18 0 8 10
13%
78 Weston 16 0 1 15
13%
94 Calhoun 15 0 11 4
11%
92 Cumberland 15 0 8 7
11%
106 Decatur 14 0 5 9
11%
117 Independence 13 0 1 12
11%
93 Logan 15 0 10 5
11%
104 Sherman 14 0 4 10
11%
85 Windsor 15 0 1 14
11%
41 Butler 19 0 8 11
10%
34 Clayton 20 0 2 18
10%
58 Crawford 18 0 11 7
10%
56 Fulton 18 0 8 10
10%
122 Camden 13 0 4 9
9%
84 Canton 15 0 0 15
9%
113 Centerville 13 0 0 13
9%
98 Fairview 14 0 0 14
9%
115 Princeton 13 0 0 13
9%
131 Putnam 13 0 9 4
9%
31 Randolph 21 0 8 13
9%
57 Jasper 18 0 8 10
8%
114 Mount Vernon 13 0 0 13
8%
110 Bloomfield 13 0 0 13
7%
125 Campbell 13 0 5 8
7%
112 Holland 13 0 0 13
7%
130 Mercer 13 0 8 5
7%
83 Shelby 16 0 9 7
7%
123 Sheridan 13 0 5 8
6%
121 Somerset 13 0 4 9
6%
33 Farmington 20 0 0 20
5%
88 Florence 15 0 2 13
5%
79 Greenwood 16 0 2 14
5%
116 Lake City 13 0 0 13
5%
68 Livingston 17 0 6 11
5%
69 Pulaski 17 0 7 10
5%
36 Richland 20 0 7 13
5%
105 Russell 14 0 4 10
5%
100 Sharon 14 0 0 14
5%
103 Summit 14 0 3 11
5%
111 Albion 13 0 0 13
2%
87 Spencer 15 0 2 13
1%
119 Montrose 13 0 1 12
0%
120 Seneca 13 0 2 11
0%
No matching quizzes found
Score Distribution
Percent of People with Each Score
Percentile by Number Answered
Your Score History
You have not taken this quiz